5HLuxD.jpg

KING HENRY VIII SENIOR AND PRIMARY SCHOOL LIBRARY OPAC

Oxford beginner's Japanese dictionary / (Record no. 431)

000 -LEADER
fixed length control field 01049cam a2200301 a 4500
001 - CONTROL NUMBER
control field 016574156
003 - CONTROL NUMBER IDENTIFIER
control field UkOxU
005 - DATE AND TIME OF LATEST TRANSACTION
control field 20190814140602.0
008 - FIXED-LENGTH DATA ELEMENTS--GENERAL INFORMATION
fixed length control field 060320s2006 enk d 000 0|eng||
015 ## - NATIONAL BIBLIOGRAPHY NUMBER
National bibliography number GBA633350
Source bnb
020 ## - INTERNATIONAL STANDARD BOOK NUMBER
International Standard Book Number 9780199298525 (pbk)
020 ## - INTERNATIONAL STANDARD BOOK NUMBER
International Standard Book Number 0199298521 (pbk)
035 ## - SYSTEM CONTROL NUMBER
System control number (Uk)013431168
040 ## - CATALOGING SOURCE
Original cataloging agency StDuBDS
Modifying agency UkOxU
Transcribing agency KH8
041 0# - LANGUAGE CODE
Language code of text/sound track or separate title eng
-- jpn
082 04 - DEWEY DECIMAL CLASSIFICATION NUMBER
Classification number 495.632 OXF
Edition number 22
245 00 - TITLE STATEMENT
Title Oxford beginner's Japanese dictionary /
Statement of responsibility, etc. edited by Jonathan Bunt with Gillian Hall.
260 ## - PUBLICATION, DISTRIBUTION, ETC.
Place of publication, distribution, etc. Oxford :
Name of publisher, distributor, etc. Oxford University Press,
Date of publication, distribution, etc. 2006.
300 ## - PHYSICAL DESCRIPTION
Extent xvi, 464 p. :
Other physical details ill. ;
Dimensions 20 cm.
500 ## - GENERAL NOTE
General note First published as The Oxford Starter Japanese Dictionary 2000.
650 #0 - SUBJECT ADDED ENTRY--TOPICAL TERM
Topical term or geographic name entry element Japanese language
Form subdivision Dictionaries
General subdivision English.
650 #0 - SUBJECT ADDED ENTRY--TOPICAL TERM
Topical term or geographic name entry element English language
Form subdivision Dictionaries
General subdivision Japanese.
700 1# - ADDED ENTRY--PERSONAL NAME
Personal name Bunt, Jonathan.
700 1# - ADDED ENTRY--PERSONAL NAME
Personal name Hall, Gillian.
942 ## - ADDED ENTRY ELEMENTS (KOHA)
Source of classification or shelving scheme
Koha item type Reference
Holdings
Withdrawn status Lost status Source of classification or shelving scheme Damaged status Not for loan Collection code Permanent Location Current Location Shelving location Date acquired Full call number Barcode Date last seen Price effective from Koha item type
          Reference KH8 Senior School Library KH8 Senior School Library Reference 2019-08-14 495.632 OXF 3KHSL000100232 2019-08-14 2019-08-14 Reference

Powered By KH8 IT Dept